[Event "EYCC 2024 - G16"]
[Site "?"]
[Date "2024.08.29"]
[Round "7.9"]
[White "Sikorova, Jana"]
[Black "Li Chen, Helena Joana"]
[Result "1/2-1/2"]
[BlackElo "2057"]
[WhiteElo "1790"]
[LiveChessVersion "1.4.8"]

1. d4 {[%clk 1:30:56]} f5 {[%clk 1:30:50]} 2. Bg5 {[%clk 1:31:15]} g6
{[%clk 1:30:53]} 3. e3 {[%clk 1:31:01]} Bg7 {[%clk 1:31:06]} 4. Nc3
{[%clk 1:30:15]} d5 {[%clk 1:30:04]} 5. Nge2 {[%clk 1:29:11]} Be6
{[%clk 1:27:13]} 6. Nf4 {[%clk 1:24:30]} Bf7 {[%clk 1:27:35]} 7. Nd3
{[%clk 1:24:01]} Nd7 {[%clk 1:26:36]} 8. Be2 {[%clk 1:22:59]} Ngf6
{[%clk 1:25:49]} 9. Bf4 {[%clk 1:19:33]} c6 {[%clk 1:23:16]} 10. Ne5
{[%clk 1:17:09]} Nb6 {[%clk 1:19:51]} 11. O-O {[%clk 1:13:47]} O-O
{[%clk 1:19:52]} 12. Qd2 {[%clk 1:09:26]} Nfd7 {[%clk 1:14:24]} 13. Nxf7
{[%clk 1:04:39]} Rxf7 {[%clk 1:14:34]} 14. Bg5 {[%clk 1:03:19]} h6
{[%clk 1:13:59]} 15. Bh4 {[%clk 1:02:57]} g5 {[%clk 1:14:03]} 16. Bg3
{[%clk 1:03:16]} e5 {[%clk 1:14:27]} 17. dxe5 {[%clk 1:01:50]} Nxe5
{[%clk 1:14:49]} 18. b3 {[%clk 1:00:52]} d4 {[%clk 0:56:07]} 19. Bxe5
{[%clk 0:54:24]} Bxe5 {[%clk 0:55:58]} 20. Rad1 {[%clk 0:54:13]} Rd7
{[%clk 0:51:46]} 21. exd4 {[%clk 0:53:04]} Bxd4 {[%clk 0:50:30]} 22. Bd3
{[%clk 0:52:31]} Qf6 {[%clk 0:48:51]} 23. Ne2 {[%clk 0:51:39]} Rad8
{[%clk 0:48:37]} 24. Nxd4 {[%clk 0:50:56]} Rxd4 {[%clk 0:44:08]} 25. Qe2
{[%clk 0:49:32]} Kg7 {[%clk 0:40:35]} 26. Rde1 {[%clk 0:47:33]} Nd5
{[%clk 0:36:10]} 27. Qe5 {[%clk 0:43:59]} f4 {[%clk 0:35:18]} 28. Bc4
{[%clk 0:42:48]} Rd2 {[%clk 0:31:37]} 29. Qe4 {[%clk 0:35:29]} Nc3
{[%clk 0:30:13]} 30. Qe7+ {[%clk 0:34:14]} Qxe7 {[%clk 0:30:33]} 31. Rxe7+
{[%clk 0:34:41]} Kf6 {[%clk 0:31:00]} 32. Rxb7 {[%clk 0:31:39]} Rxc2
{[%clk 0:31:24]} 33. Rxa7 {[%clk 0:28:43]} Rdd2 {[%clk 0:29:21]} 34. Ra6
{[%clk 0:25:14]} Rd6 {[%clk 0:23:27]} 35. a4 {[%clk 0:24:24]} Ne4
{[%clk 0:22:44]} 36. h3 {[%clk 0:22:15]} Nd2 {[%clk 0:21:44]} 37. Re1
{[%clk 0:22:01]} Nxc4 {[%clk 0:22:01]} 38. bxc4 {[%clk 0:22:15]} Rxc4
{[%clk 0:22:27]} 39. Rb6 {[%clk 0:17:57]} Rd5 {[%clk 0:22:15]} 40. Ra6
{[%clk 0:14:19]} Rd2 {[%clk 0:21:44]} 41. a5 {[%clk 0:13:34]} Ra2
{[%clk 0:20:56]} 42. Ra8 {[%clk 0:10:12]} Kf7 {[%clk 0:20:37]} 43. a6
{[%clk 0:08:06]} Rca4 {[%clk 0:20:41]} 44. Rc1 {[%clk 0:08:18]} Rxa6
{[%clk 0:20:50]} 45. Rc8 {[%clk 0:08:41]} h5 {[%clk 0:18:05]} 46. R8xc6
{[%clk 0:08:40]} Rxc6 {[%clk 0:17:59]} 47. Rxc6 {[%clk 0:09:08]} Ra1+
{[%clk 0:18:23]} 48. Kh2 {[%clk 0:09:35]} Rf1 {[%clk 0:18:47]} 49. f3
{[%clk 0:09:40]} Kg7 {[%clk 0:16:55]} 50. Ra6 {[%clk 0:09:49]} Re1
{[%clk 0:17:00]} 51. Rb6 {[%clk 0:10:07]} Kf7 {[%clk 0:17:25]} 52. Rh6
{[%clk 0:10:05]} h4 {[%clk 0:17:48]} 53. Ra6 {[%clk 0:10:12]} Re6
{[%clk 0:18:09]} 54. Ra5 {[%clk 0:10:24]} Kf6 {[%clk 0:18:34]} 55. Kg1
{[%clk 0:10:45]} Re5 {[%clk 0:18:54]} 56. Ra6+ {[%clk 0:10:49]} Kf5
{[%clk 0:19:19]} 57. Kf2 {[%clk 0:11:10]} Rb5 {[%clk 0:19:44]} 58. Ra4
{[%clk 0:10:25]} Rb2+ {[%clk 0:19:57]} 59. Kf1 {[%clk 0:10:42]} Rd2
{[%clk 0:19:59]} 60. Ra5+ {[%clk 0:10:56]} 1/2-1/2

[Event "EYCC 2024 - G16"]
[Site "?"]
[Date "2024.08.29"]
[Round "7.10"]
[White "Seemann, Pola"]
[Black "Kirtadze, Anastasia"]
[Result "0-1"]
[BlackElo "2029"]
[WhiteElo "1914"]
[LiveChessVersion "1.4.8"]

1. d4 {[%clk 1:30:58]} Nf6 {[%clk 1:30:51]} 2. c4 {[%clk 1:31:21]} e6
{[%clk 1:31:16]} 3. Nf3 {[%clk 1:31:46]} Bb4+ {[%clk 1:30:37]} 4. Bd2
{[%clk 1:32:04]} a5 {[%clk 1:30:09]} 5. a3 {[%clk 1:32:26]} Bxd2+
{[%clk 1:30:13]} 6. Qxd2 {[%clk 1:32:44]} b6 {[%clk 1:30:27]} 7. Nc3
{[%clk 1:32:31]} Bb7 {[%clk 1:30:53]} 8. e3 {[%clk 1:31:08]} d6 {[%clk 1:20:38]}
9. Bd3 {[%clk 1:29:24]} Nbd7 {[%clk 1:20:03]} 10. Bc2 {[%clk 1:27:08]} O-O
{[%clk 1:16:25]} 11. O-O-O {[%clk 1:25:55]} d5 {[%clk 1:13:00]} 12. cxd5
{[%clk 1:22:55]} exd5 {[%clk 1:12:46]} 13. Rhg1 {[%clk 1:19:40]} Ne4
{[%clk 1:04:51]} 14. Nxe4 {[%clk 1:18:15]} dxe4 {[%clk 1:05:16]} 15. Ne1
{[%clk 1:17:43]} c5 {[%clk 1:01:42]} 16. f3 {[%clk 1:08:21]} cxd4
{[%clk 0:57:45]} 17. fxe4 {[%clk 0:58:38]} Nc5 {[%clk 0:53:41]} 18. exd4
{[%clk 0:55:00]} Nxe4 {[%clk 0:52:55]} 19. Qf4 {[%clk 0:52:03]} Rc8
{[%clk 0:46:27]} 20. Kb1 {[%clk 0:49:21]} Qd5 {[%clk 0:44:39]} 21. Rf1
{[%clk 0:37:44]} b5 {[%clk 0:39:41]} 22. Qf5 {[%clk 0:34:00]} b4 {[%clk 0:35:48]}
23. Qxd5 {[%clk 0:29:31]} Bxd5 {[%clk 0:35:30]} 24. Rf5 {[%clk 0:29:51]} Nf6
{[%clk 0:35:09]} 25. a4 {[%clk 0:28:31]} Rc6 {[%clk 0:19:42]} 26. Re5
{[%clk 0:24:24]} Rfc8 {[%clk 0:16:18]} 27. Bf5 {[%clk 0:21:20]} R8c7
{[%clk 0:15:49]} 28. Nf3 {[%clk 0:20:56]} g6 {[%clk 0:10:34]} 29. Bd3
{[%clk 0:20:37]} Rd6 {[%clk 0:08:48]} 30. Bb5 {[%clk 0:16:37]} b3
{[%clk 0:05:45]} 31. Nd2 {[%clk 0:15:12]} Be6 {[%clk 0:03:52]} 32. Nf3
{[%clk 0:13:25]} Rc2 {[%clk 0:03:52]} 33. Re2 {[%clk 0:13:13]} Bf5
{[%clk 0:03:21]} 34. Ka1 {[%clk 0:12:57]} Nd5 {[%clk 0:02:06]} 35. Nh4
{[%clk 0:11:41]} Bg4 {[%clk 0:01:25]} 36. Nf3 {[%clk 0:11:35]} Nb4
{[%clk 0:01:04]} 37. Re3 {[%clk 0:09:03]} Bxf3 {[%clk 0:00:50]} 38. Rxf3
{[%clk 0:09:24]} Rxd4 {[%clk 0:00:44]} 39. Rdf1 {[%clk 0:09:34]} Rcd2
{[%clk 0:00:48]} 0-1

[Event "EYCC 2024 - G16"]
[Site "?"]
[Date "2024.08.29"]
[Round "7.11"]
[White "Petrenko, Maryna"]
[Black "Mykhailets, Polina"]
[Result "1-0"]
[BlackElo "1907"]
[WhiteElo "2020"]
[LiveChessVersion "1.4.8"]

1. d4 {[%clk 1:30:58]} e6 {[%clk 1:30:54]} 2. Nf3 {[%clk 1:31:24]} Nf6
{[%clk 1:31:16]} 3. g3 {[%clk 1:31:48]} d5 {[%clk 1:31:37]} 4. Bg2
{[%clk 1:32:13]} Be7 {[%clk 1:32:01]} 5. O-O {[%clk 1:32:34]} O-O
{[%clk 1:32:20]} 6. c4 {[%clk 1:33:00]} c6 {[%clk 1:32:38]} 7. Qc2
{[%clk 1:32:56]} b6 {[%clk 1:32:45]} 8. Rd1 {[%clk 1:32:23]} Bb7 {[%clk 1:32:41]}
9. Nbd2 {[%clk 1:31:46]} Na6 {[%clk 1:31:23]} 10. e4 {[%clk 1:27:03]} Nb4
{[%clk 1:26:25]} 11. Qb1 {[%clk 1:27:27]} dxe4 {[%clk 1:25:25]} 12. Nxe4
{[%clk 1:27:20]} c5 {[%clk 1:24:24]} 13. Nxf6+ {[%clk 1:24:14]} Bxf6
{[%clk 1:24:48]} 14. Ng5 {[%clk 1:21:23]} Bxg5 {[%clk 1:23:39]} 15. Bxb7
{[%clk 1:20:45]} Rb8 {[%clk 1:23:26]} 16. Bf3 {[%clk 1:04:57]} cxd4
{[%clk 1:17:59]} 17. a3 {[%clk 1:02:12]} Na6 {[%clk 1:14:47]} 18. Bxg5
{[%clk 1:01:30]} Qxg5 {[%clk 1:15:11]} 19. Rxd4 {[%clk 1:00:26]} Rfd8
{[%clk 1:11:27]} 20. Rxd8+ {[%clk 0:56:29]} Rxd8 {[%clk 1:11:15]} 21. b4
{[%clk 0:46:33]} Nc7 {[%clk 0:58:25]} 22. Qe4 {[%clk 0:42:48]} e5
{[%clk 0:50:28]} 23. Re1 {[%clk 0:38:29]} Rd4 {[%clk 0:35:19]} 24. Qb7
{[%clk 0:29:46]} Ne6 {[%clk 0:26:43]} 25. Bd5 {[%clk 0:28:56]} Qf6
{[%clk 0:20:43]} 26. Qxa7 {[%clk 0:25:05]} Nf8 {[%clk 0:18:12]} 27. Re3
{[%clk 0:24:00]} e4 {[%clk 0:06:58]} 28. Rxe4 {[%clk 0:24:17]} Rd1+
{[%clk 0:05:25]} 29. Kg2 {[%clk 0:24:38]} g5 {[%clk 0:05:40]} 30. Qe7
{[%clk 0:13:22]} Qg6 {[%clk 0:04:12]} 31. Re3 {[%clk 0:12:45]} g4
{[%clk 0:03:42]} 32. Re5 {[%clk 0:12:05]} h6 {[%clk 0:03:12]} 33. Re4
{[%clk 0:08:48]} Ra1 {[%clk 0:00:46]} 34. Rf4 {[%clk 0:07:27]} Ne6
{[%clk 0:00:56]} 35. Rxf7 {[%clk 0:06:50]} 1-0

[Event "EYCC 2024 - G16"]
[Site "?"]
[Date "2024.08.29"]
[Round "7.12"]
[White "Westerhof, Fleur"]
[Black "Alexandri, Vasiliki"]
[Result "1/2-1/2"]
[BlackElo "1824"]
[WhiteElo "1986"]
[LiveChessVersion "1.4.8"]

1. e4 {[%clk 1:30:58]} c5 {[%clk 1:30:55]} 2. Nf3 {[%clk 1:31:20]} Nc6
{[%clk 1:31:19]} 3. d4 {[%clk 1:31:41]} cxd4 {[%clk 1:31:44]} 4. Nxd4
{[%clk 1:32:00]} Nf6 {[%clk 1:32:05]} 5. Nc3 {[%clk 1:32:20]} e5 {[%clk 1:32:27]}
6. Ndb5 {[%clk 1:32:43]} d6 {[%clk 1:32:50]} 7. Bg5 {[%clk 1:33:00]} a6
{[%clk 1:33:14]} 8. Na3 {[%clk 1:33:15]} b5 {[%clk 1:33:35]} 9. Nd5
{[%clk 1:33:39]} Be7 {[%clk 1:33:58]} 10. Bxf6 {[%clk 1:33:58]} Bxf6
{[%clk 1:34:20]} 11. c3 {[%clk 1:34:08]} O-O {[%clk 1:34:16]} 12. Nc2
{[%clk 1:33:07]} Rb8 {[%clk 1:34:08]} 13. h4 {[%clk 1:30:43]} g6 {[%clk 1:34:07]}
14. g3 {[%clk 1:26:15]} Bg7 {[%clk 1:33:34]} 15. Bg2 {[%clk 1:20:07]} Be6
{[%clk 1:26:42]} 16. Ncb4 {[%clk 1:15:59]} Nxb4 {[%clk 1:24:30]} 17. Nxb4
{[%clk 1:15:02]} Qb6 {[%clk 1:23:37]} 18. O-O {[%clk 1:12:49]} a5
{[%clk 1:13:53]} 19. Nd5 {[%clk 1:08:35]} Qb7 {[%clk 1:12:38]} 20. Ne3
{[%clk 1:07:35]} Rfd8 {[%clk 1:10:49]} 21. Qc2 {[%clk 0:58:17]} Rbc8
{[%clk 1:04:17]} 22. Rfd1 {[%clk 0:56:00]} Rc5 {[%clk 1:00:01]} 23. Rd3
{[%clk 0:52:15]} Qc7 {[%clk 0:47:34]} 24. Rad1 {[%clk 0:40:04]} b4
{[%clk 0:36:34]} 25. Nd5 {[%clk 0:38:38]} Bxd5 {[%clk 0:31:03]} 26. Rxd5
{[%clk 0:38:39]} bxc3 {[%clk 0:26:37]} 27. Rxc5 {[%clk 0:38:33]} Qxc5
{[%clk 0:26:36]} 28. Qxc3 {[%clk 0:38:43]} Qxc3 {[%clk 0:23:11]} 29. bxc3
{[%clk 0:39:04]} Rc8 {[%clk 0:23:22]} 30. Rd5 {[%clk 0:38:48]} Rc5
{[%clk 0:23:24]} 31. Rxc5 {[%clk 0:38:53]} 1/2-1/2

[Event "EYCC 2024 - G16"]
[Site "?"]
[Date "2024.08.29"]
[Round "7.13"]
[White "Chendighilean, Anna"]
[Black "Sekova, Olivia"]
[Result "1/2-1/2"]
[BlackElo "2073"]
[WhiteElo "1835"]
[LiveChessVersion "1.4.8"]

1. d4 {[%clk 1:30:58]} Nf6 {[%clk 1:30:47]} 2. Nf3 {[%clk 1:31:22]} g6
{[%clk 1:31:11]} 3. Nbd2 {[%clk 1:31:44]} Bg7 {[%clk 1:31:33]} 4. e4
{[%clk 1:32:07]} d6 {[%clk 1:31:59]} 5. Bb5+ {[%clk 1:32:09]} Nfd7
{[%clk 1:31:27]} 6. O-O {[%clk 1:30:58]} O-O {[%clk 1:31:42]} 7. Re1
{[%clk 1:30:10]} e5 {[%clk 1:31:36]} 8. c3 {[%clk 1:25:54]} a6 {[%clk 1:29:43]}
9. Bf1 {[%clk 1:19:49]} Nc6 {[%clk 1:28:52]} 10. Nc4 {[%clk 1:17:13]} Re8
{[%clk 1:24:27]} 11. Bg5 {[%clk 1:13:01]} Bf6 {[%clk 1:22:50]} 12. Bxf6
{[%clk 1:09:34]} Qxf6 {[%clk 1:23:11]} 13. a4 {[%clk 1:06:35]} Nf8
{[%clk 1:18:49]} 14. h3 {[%clk 1:05:22]} g5 {[%clk 1:10:48]} 15. d5
{[%clk 1:02:02]} Ne7 {[%clk 1:10:38]} 16. Ne3 {[%clk 1:00:31]} Kh8
{[%clk 1:06:45]} 17. b4 {[%clk 0:54:57]} Nfg6 {[%clk 1:06:21]} 18. c4
{[%clk 0:53:31]} Nf4 {[%clk 1:05:56]} 19. Nd2 {[%clk 0:51:47]} Rg8
{[%clk 1:04:31]} 20. Ng4 {[%clk 0:44:42]} Qg7 {[%clk 1:03:48]} 21. g3
{[%clk 0:40:41]} h5 {[%clk 1:00:42]} 22. Ne3 {[%clk 0:34:46]} g4 {[%clk 0:50:44]}
23. h4 {[%clk 0:31:42]} Qf6 {[%clk 0:50:13]} 24. Ra3 {[%clk 0:27:59]} Neg6
{[%clk 0:48:49]} 25. c5 {[%clk 0:25:23]} Nxh4 {[%clk 0:48:01]} 26. gxf4
{[%clk 0:19:25]} exf4 {[%clk 0:43:25]} 27. Ng2 {[%clk 0:17:20]} f3
{[%clk 0:42:49]} 28. Qa1 {[%clk 0:17:02]} Qxa1 {[%clk 0:43:08]} 29. Raxa1
{[%clk 0:15:52]} fxg2 {[%clk 0:43:31]} 30. Bxg2 {[%clk 0:16:16]} Nf3+
{[%clk 0:43:04]} 31. Bxf3 {[%clk 0:15:38]} gxf3+ {[%clk 0:43:29]} 32. Kh1
{[%clk 0:15:54]} Bh3 {[%clk 0:43:53]} 33. Kh2 {[%clk 0:15:58]} Bg2
{[%clk 0:41:22]} 34. Ra3 {[%clk 0:15:41]} Rg4 {[%clk 0:41:06]} 35. Nxf3
{[%clk 0:15:07]} Rag8 {[%clk 0:41:29]} 36. cxd6 {[%clk 0:14:26]} cxd6
{[%clk 0:41:37]} 37. b5 {[%clk 0:14:08]} Rf4 {[%clk 0:40:03]} 38. Ree3
{[%clk 0:12:35]} Bf1 {[%clk 0:39:41]} 39. bxa6 {[%clk 0:09:56]} bxa6
{[%clk 0:39:55]} 40. Rac3 {[%clk 0:08:32]} h4 {[%clk 0:36:43]} 41. e5
{[%clk 0:06:36]} Rfg4 {[%clk 0:34:36]} 42. exd6 {[%clk 0:04:05]} Rg2+
{[%clk 0:35:00]} 43. Kh1 {[%clk 0:04:12]} Rxf2 {[%clk 0:34:39]} 44. Nxh4
{[%clk 0:03:07]} Rf4 {[%clk 0:32:29]} 45. Rh3 {[%clk 0:01:51]} Bxh3
{[%clk 0:30:54]} 46. Rxh3 {[%clk 0:02:20]} Rf1+ {[%clk 0:26:25]} 47. Kh2
{[%clk 0:02:48]} Rd8 {[%clk 0:26:21]} 48. Nf5+ {[%clk 0:02:35]} Kg8
{[%clk 0:26:46]} 49. Rg3+ {[%clk 0:02:28]} Kf8 {[%clk 0:25:59]} 50. Rh3
{[%clk 0:02:04]} Ke8 {[%clk 0:25:36]} 51. Re3+ {[%clk 0:02:30]} Kf8
{[%clk 0:25:22]} 52. Rh3 {[%clk 0:02:52]} Rxf5 {[%clk 0:25:38]} 53. Rh8+
{[%clk 0:03:05]} Kg7 {[%clk 0:26:05]} 54. Rxd8 {[%clk 0:03:29]} Rxd5
{[%clk 0:26:32]} 55. d7 {[%clk 0:03:26]} Kf6 {[%clk 0:25:38]} 56. Kg3
{[%clk 0:02:32]} Ke6 {[%clk 0:25:11]} 57. Ra8 {[%clk 0:02:35]} Rxd7
{[%clk 0:25:15]} 1/2-1/2

[Event "EYCC 2024 - G16"]
[Site "?"]
[Date "2024.08.29"]
[Round "7.14"]
[White "Slusarczyk, Anna"]
[Black "Jankovic, Tamara"]
[Result "1-0"]
[BlackElo "1877"]
[WhiteElo "1997"]
[LiveChessVersion "1.4.8"]

1. d4 {[%clk 1:30:59]} Nf6 {[%clk 1:30:54]} 2. c4 {[%clk 1:31:23]} g6
{[%clk 1:31:20]} 3. Nc3 {[%clk 1:31:47]} Bg7 {[%clk 1:31:46]} 4. e4
{[%clk 1:32:08]} d6 {[%clk 1:32:12]} 5. Be2 {[%clk 1:32:32]} O-O {[%clk 1:32:35]}
6. Be3 {[%clk 1:32:59]} e5 {[%clk 1:32:06]} 7. d5 {[%clk 1:33:25]} Nbd7
{[%clk 1:32:09]} 8. h4 {[%clk 1:33:00]} h6 {[%clk 1:31:35]} 9. Qc2
{[%clk 1:23:16]} a5 {[%clk 1:29:54]} 10. g4 {[%clk 1:21:37]} Nc5 {[%clk 1:20:56]}
11. g5 {[%clk 1:10:40]} Ng4 {[%clk 1:17:59]} 12. Bxc5 {[%clk 1:07:57]} dxc5
{[%clk 1:18:24]} 13. Qd2 {[%clk 1:08:15]} hxg5 {[%clk 1:13:09]} 14. hxg5
{[%clk 1:07:43]} Nxf2 {[%clk 1:13:24]} 15. Kxf2 {[%clk 1:06:09]} f5
{[%clk 1:13:51]} 16. Ke1 {[%clk 1:00:23]} fxe4 {[%clk 1:11:15]} 17. Nxe4
{[%clk 1:00:20]} Rf4 {[%clk 1:11:24]} 18. d6 {[%clk 0:51:17]} c6 {[%clk 1:05:47]}
19. Nf6+ {[%clk 0:36:20]} Bxf6 {[%clk 1:00:28]} 20. gxf6 {[%clk 0:36:44]} Be6
{[%clk 0:53:01]} 21. f7+ {[%clk 0:35:25]} Bxf7 {[%clk 0:52:56]} 22. Qe3
{[%clk 0:32:03]} Qxd6 {[%clk 0:47:57]} 23. Qh3 {[%clk 0:32:02]} Qf6
{[%clk 0:48:13]} 24. Rd1 {[%clk 0:27:45]} Rd4 {[%clk 0:41:36]} 25. Qh7+
{[%clk 0:24:46]} Kf8 {[%clk 0:41:59]} 26. Qh8+ {[%clk 0:23:50]} Qxh8
{[%clk 0:42:22]} 27. Rxh8+ {[%clk 0:24:17]} Bg8 {[%clk 0:42:46]} 28. Nf3
{[%clk 0:23:38]} Rxd1+ {[%clk 0:42:05]} 29. Kxd1 {[%clk 0:23:49]} Kg7
{[%clk 0:42:12]} 30. Rh4 {[%clk 0:24:00]} Kf6 {[%clk 0:39:50]} 31. Nd2
{[%clk 0:19:41]} Rd8 {[%clk 0:39:44]} 32. Kc2 {[%clk 0:19:46]} Kg5
{[%clk 0:34:39]} 33. Re4 {[%clk 0:19:49]} Kf6 {[%clk 0:34:12]} 34. Nf3
{[%clk 0:16:49]} g5 {[%clk 0:27:25]} 35. Bd3 {[%clk 0:04:23]} Bh7
{[%clk 0:22:10]} 36. Re3 {[%clk 0:04:44]} Bxd3+ {[%clk 0:13:48]} 37. Rxd3
{[%clk 0:05:08]} Rxd3 {[%clk 0:14:15]} 38. Kxd3 {[%clk 0:05:33]} Kf5
{[%clk 0:14:42]} 39. Ke3 {[%clk 0:04:25]} g4 {[%clk 0:14:23]} 40. Ng1
{[%clk 0:03:31]} g3 {[%clk 0:10:27]} 41. Kf3 {[%clk 0:03:01]} g2 {[%clk 0:09:46]}
42. Ne2 {[%clk 0:03:19]} a4 {[%clk 0:09:05]} 43. Ng3+ {[%clk 0:02:49]} Kg5
{[%clk 0:08:38]} 44. Kxg2 {[%clk 0:03:07]} Kf4 {[%clk 0:09:07]} 45. Kf2
{[%clk 0:03:24]} b6 {[%clk 0:08:42]} 46. Ne2+ {[%clk 0:01:17]} Ke4
{[%clk 0:08:44]} 47. Nc3+ {[%clk 0:01:21]} Kd3 {[%clk 0:08:09]} 48. Nxa4
{[%clk 0:01:25]} e4 {[%clk 0:03:50]} 49. Ke1 {[%clk 0:01:25]} Kxc4
{[%clk 0:03:43]} 50. Nxb6+ {[%clk 0:01:47]} Kb4 {[%clk 0:03:51]} 51. a3+
{[%clk 0:01:32]} Kb5 {[%clk 0:03:11]} 52. Nc8 {[%clk 0:01:11]} Kc4
{[%clk 0:01:23]} 53. Ke2 {[%clk 0:01:04]} Kd4 {[%clk 0:01:40]} 54. a4
{[%clk 0:00:56]} Kc4 {[%clk 0:01:33]} 55. Nd6+ {[%clk 0:00:59]} Kb4
{[%clk 0:01:59]} 56. b3 {[%clk 0:01:12]} Ka5 {[%clk 0:01:51]} 57. Ke3
{[%clk 0:01:30]} Kb6 {[%clk 0:01:32]} 58. Kxe4 {[%clk 0:01:53]} Kc7
{[%clk 0:02:01]} 59. Nc4 {[%clk 0:02:16]} Kd7 {[%clk 0:01:37]} 60. Ke5
{[%clk 0:02:40]} Ke7 {[%clk 0:01:39]} 61. Nb6 1-0

[Event "EYCC 2024 - G16"]
[Site "?"]
[Date "2024.08.29"]
[Round "7.15"]
[White "Haug, Mara"]
[Black "Szarvas, Nora"]
[Result "1/2-1/2"]
[BlackElo "1850"]
[WhiteElo "1958"]
[LiveChessVersion "1.4.8"]

1. e4 {[%clk 1:30:56]} c5 {[%clk 1:30:47]} 2. Nf3 {[%clk 1:31:22]} d6
{[%clk 1:31:02]} 3. d4 {[%clk 1:31:43]} cxd4 {[%clk 1:31:27]} 4. Nxd4
{[%clk 1:32:07]} Nf6 {[%clk 1:31:48]} 5. Nc3 {[%clk 1:32:32]} a6 {[%clk 1:32:10]}
6. Bg5 {[%clk 1:32:39]} e6 {[%clk 1:32:34]} 7. f4 {[%clk 1:32:30]} Be7
{[%clk 1:32:53]} 8. Qf3 {[%clk 1:32:46]} Qc7 {[%clk 1:33:04]} 9. O-O-O
{[%clk 1:32:44]} Nbd7 {[%clk 1:33:26]} 10. g4 {[%clk 1:32:56]} h6
{[%clk 1:33:38]} 11. Bxf6 {[%clk 1:31:00]} Bxf6 {[%clk 1:34:02]} 12. h4
{[%clk 1:27:18]} Nb6 {[%clk 1:34:09]} 13. g5 {[%clk 1:23:51]} Bxd4
{[%clk 1:34:28]} 14. Rxd4 {[%clk 1:24:19]} Qc5 {[%clk 1:34:42]} 15. Rd2
{[%clk 1:22:24]} Bd7 {[%clk 1:34:05]} 16. Be2 {[%clk 1:10:54]} O-O-O
{[%clk 1:28:16]} 17. a3 {[%clk 1:05:24]} Na4 {[%clk 1:22:19]} 18. Nxa4
{[%clk 1:03:37]} Bxa4 {[%clk 1:22:04]} 19. Rh3 {[%clk 0:54:51]} Kb8
{[%clk 1:18:26]} 20. Bd1 {[%clk 0:51:28]} Bc6 {[%clk 1:13:59]} 21. Qe2
{[%clk 0:48:32]} hxg5 {[%clk 1:06:06]} 22. fxg5 {[%clk 0:47:54]} Qe5
{[%clk 1:04:17]} 23. Qf3 {[%clk 0:41:30]} f5 {[%clk 0:59:56]} 24. gxf6
{[%clk 0:41:15]} gxf6 {[%clk 0:56:29]} 25. Qe2 {[%clk 0:32:25]} Bxe4
{[%clk 0:54:28]} 26. h5 {[%clk 0:31:43]} d5 {[%clk 0:46:51]} 27. Rb3
{[%clk 0:30:32]} Rd6 {[%clk 0:42:50]} 28. Qf1 {[%clk 0:28:14]} Rc6
{[%clk 0:38:04]} 29. Qg1 {[%clk 0:26:25]} Rhc8 {[%clk 0:33:50]} 30. Kb1
{[%clk 0:25:12]} f5 {[%clk 0:27:50]} 31. Rh2 {[%clk 0:21:12]} Qc7
{[%clk 0:24:14]} 32. Qf2 {[%clk 0:20:24]} e5 {[%clk 0:19:51]} 33. h6
{[%clk 0:16:34]} f4 {[%clk 0:19:43]} 34. Rbh3 {[%clk 0:15:53]} Qh7
{[%clk 0:19:35]} 35. Rh5 {[%clk 0:14:52]} Bxc2+ {[%clk 0:16:14]} 36. Bxc2
{[%clk 0:14:42]} Rxc2 {[%clk 0:16:39]} 37. Qxc2 {[%clk 0:14:51]} Rxc2
{[%clk 0:17:04]} 38. Rxc2 {[%clk 0:15:18]} f3 {[%clk 0:14:45]} 39. Rxe5
{[%clk 0:13:28]} Qxh6 {[%clk 0:10:45]} 40. Rxd5 {[%clk 0:11:00]} Qe3
{[%clk 0:05:11]} 41. Rdd2 {[%clk 0:09:19]} Qe1+ {[%clk 0:05:17]} 1/2-1/2

[Event "EYCC 2024 - G16"]
[Site "?"]
[Date "2024.08.29"]
[Round "7.16"]
[White "Bat, Anu"]
[Black "Novomeska, Karin"]
[Result "1/2-1/2"]
[BlackElo "1815"]
[WhiteElo "1948"]
[LiveChessVersion "1.4.8"]

1. e4 {[%clk 1:30:55]} c6 {[%clk 1:30:57]} 2. d4 {[%clk 1:31:17]} d5
{[%clk 1:31:24]} 3. f3 {[%clk 1:31:38]} dxe4 {[%clk 1:28:51]} 4. fxe4
{[%clk 1:31:18]} e5 {[%clk 1:29:03]} 5. Nf3 {[%clk 1:31:37]} Bg4 {[%clk 1:29:11]}
6. c3 {[%clk 1:30:41]} Nf6 {[%clk 1:26:38]} 7. Bd3 {[%clk 1:29:15]} Nbd7
{[%clk 1:23:18]} 8. O-O {[%clk 1:29:23]} Bd6 {[%clk 1:22:21]} 9. Nbd2
{[%clk 1:29:43]} O-O {[%clk 1:14:30]} 10. Nc4 {[%clk 1:29:24]} Qc7
{[%clk 1:13:22]} 11. Be3 {[%clk 1:17:55]} Rfe8 {[%clk 1:08:08]} 12. Nxd6
{[%clk 1:13:25]} Qxd6 {[%clk 1:08:14]} 13. Qc2 {[%clk 1:12:46]} Rac8
{[%clk 1:00:53]} 14. dxe5 {[%clk 1:02:57]} Nxe5 {[%clk 1:00:34]} 15. Nxe5
{[%clk 1:03:17]} Qxe5 {[%clk 0:58:14]} 16. Bd4 {[%clk 1:03:05]} Qg5
{[%clk 0:50:57]} 17. e5 {[%clk 1:00:25]} c5 {[%clk 0:40:48]} 18. exf6
{[%clk 0:58:39]} cxd4 {[%clk 0:40:58]} 19. Bxh7+ {[%clk 0:57:22]} Kh8
{[%clk 0:41:05]} 20. fxg7+ {[%clk 0:55:15]} Qxg7 {[%clk 0:40:36]} 21. Bd3
{[%clk 0:36:38]} dxc3 {[%clk 0:36:46]} 22. bxc3 {[%clk 0:30:51]} Rxc3
{[%clk 0:32:42]} 23. Qa4 {[%clk 0:30:55]} Rec8 {[%clk 0:19:53]} 24. Qe4
{[%clk 0:20:34]} f5 {[%clk 0:18:25]} 25. Qd5 {[%clk 0:19:34]} Bh3
{[%clk 0:13:31]} 26. Rf4 {[%clk 0:05:20]} Bg4 {[%clk 0:05:43]} 27. Raf1
{[%clk 0:05:19]} R3c5 {[%clk 0:05:50]} 28. Qe6 {[%clk 0:04:57]} R5c6
{[%clk 0:04:05]} 29. Qe1 {[%clk 0:05:11]} Rc1 {[%clk 0:01:03]} 30. Qh4+
{[%clk 0:04:39]} Kg8 {[%clk 0:00:56]} 31. Bxf5 {[%clk 0:03:20]} Rxf1+
{[%clk 0:01:07]} 32. Rxf1 {[%clk 0:03:21]} Bxf5 {[%clk 0:01:25]} 33. Rxf5
{[%clk 0:02:39]} Rc1+ {[%clk 0:01:54]} 34. Rf1 {[%clk 0:02:15]} Rxf1+
{[%clk 0:02:17]} 35. Kxf1 {[%clk 0:02:43]} Qa1+ {[%clk 0:02:17]} 36. Qe1
{[%clk 0:03:08]} Qxa2 {[%clk 0:02:36]} 37. Qg3+ {[%clk 0:03:27]} Kf7
{[%clk 0:02:05]} 38. Qf3+ {[%clk 0:02:28]} Kg6 {[%clk 0:01:56]} 39. Qe4+
{[%clk 0:00:45]} Kf6 {[%clk 0:02:10]} 40. Qf4+ {[%clk 0:00:34]} Kg6
{[%clk 0:02:27]} 41. Qd6+ {[%clk 0:00:52]} Kg7 {[%clk 0:02:37]} 42. Qe5+
{[%clk 0:00:56]} Kg6 {[%clk 0:02:56]} 43. Qd6+ {[%clk 0:00:53]} Kg7
{[%clk 0:03:16]} 44. Qe5+ {[%clk 0:00:37]} Kg6 {[%clk 0:03:26]} 45. Qd6+
{[%clk 0:00:42]} 1/2-1/2